[Event "Hello Sakk Cup Smyslov"]
[Site "Tornelo INT"]
[Date "2021.02.21"]
[Round "4"]
[White "Pribelszky, Bence"]
[Black "Koszta, Benedek"]
[Result "1-0"]
[WhiteElo "2272"]
[BlackElo "2157"]
[PlyCount "109"]
[EventDate "2021.02.21"]
[EventType "tourn (rapid)"]
[EventRounds "7"]
[EventCountry "HUN"]
[SourceTitle "CBM 200 Extra"]
[Source "ChessBase"]
[SourceDate "2021.03.31"]
[SourceVersion "1"]
[SourceVersionDate "2021.03.31"]
[SourceQuality "1"]

1. e4 c5 2. Nf3 d6 3. d4 cxd4 4. Nxd4 Nf6 5. Nc3 a6 6. Be2 e5 7. Nb3 Be7 8. 0-0 0-0 9. Be3 Be6 10. Qd3 Nc6 11. a3 d5 12. exd5 Nxd5 13. Nxd5 Bxd5 14. Rad1 Be6 15. Nc5 Bxc5 16. Bxc5 Qxd3 17. Bxd3 Rfd8 18. b4 g6 19. Rfe1 f6 20. Bb6 Rd7 21. Bc4 Re7 22. Bxe6+ Rxe6 23. Bc5 b6 24. Be3 b5 25. Bc5 Rd8 26. Rxd8+ Nxd8 27. Rd1 Nb7 28. Be3 Rc6 29. Rd7 Nd6 30. Bc5 Nc4 31. Rd8+ Kg7 32. Rd7+ Kh6 33. h4 g5 34. Bf8+ Kg6 35. g4 f5 36. Rg7+ Kf6 37. hxg5+ Ke6 38. Re7+ Kd5 39. gxf5 Nd2 40. Bg7 Nf3+ 41. Kg2 Nxg5 42. Rxe5+ Kc4 43. f4 Nf7 44. Re7 Nd6 45. f6 Nf5 46. f7 Rg6+ 47. Kf2 Rxg7 48. f8Q Rxe7 49. Qxf5 Kc3 50. Qd3+ Kb2 51. f5 Ka2 52. f6 Rf7 53. Qb3+ Ka1 54. Qxf7 h5 55. Qb3 1-0

[Event "HUN-chT U18"]
[Site "Budapest"]
[Date "2019.10.28"]
[Round "4.3"]
[White "Pribelszky, Bence"]
[Black "Koszta, Benedek"]
[Result "1-0"]
[WhiteElo "2191"]
[BlackElo "2043"]
[PlyCount "49"]
[EventDate "2019.10.26"]
[EventType "team-swiss"]
[EventRounds "7"]
[EventCountry "HUN"]
[SourceTitle "CBM 192 Extra"]
[Source "Chessbase"]
[SourceDate "2019.11.06"]
[SourceVersion "1"]
[SourceVersionDate "2019.11.06"]
[SourceQuality "1"]
[WhiteTeam "Miskolc Kisbocsok"]
[BlackTeam "Szeged Maroczy"]
[WhiteTeamCountry "HUN"]
[BlackTeamCountry "HUN"]

1. e4 e6 2. d3 d5 3. Qe2 Be7 4. Nf3 c5 5. g3 Nf6 6. Bg2 0-0 7. 0-0 Nc6 8. e5 Nd7 9. c4 dxc4 10. dxc4 Qc7 11. Bf4 h6 12. h4 Nd4 13. Nxd4 cxd4 14. Nd2 g5 15. hxg5 hxg5 16. Ne4 gxf4 17. Qg4+ Kh8 18. Qh5+ Kg7 19. Ng5 Bxg5 20. Qxg5+ Kh8 21. Be4 f5 22. Qh6+ Kg8 23. Qg6+ Kh8 24. Kg2 f3+ 25. Bxf3 1-0

[Event "HUN-chT U18"]
[Site "Budapest"]
[Date "2019.10.27"]
[Round "2.3"]
[White "Juhasz, Judit"]
[Black "Koszta, Benedek"]
[Result "0-1"]
[WhiteElo "2004"]
[BlackElo "2043"]
[PlyCount "60"]
[EventDate "2019.10.26"]
[EventType "team-swiss"]
[EventRounds "7"]
[EventCountry "HUN"]
[SourceTitle "CBM 192 Extra"]
[Source "Chessbase"]
[SourceDate "2019.11.06"]
[SourceVersion "1"]
[SourceVersionDate "2019.11.06"]
[SourceQuality "1"]
[WhiteTeam "Tapolca VSE"]
[BlackTeam "Szeged Maroczy"]
[WhiteTeamCountry "HUN"]
[BlackTeamCountry "HUN"]

1. e4 e6 2. d4 d5 3. Nd2 Nf6 4. e5 Nfd7 5. Bd3 c5 6. c3 Nc6 7. Ne2 cxd4 8. cxd4 f6 9. exf6 Nxf6 10. Nf3 Bd6 11. 0-0 0-0 12. Bf4 Bxf4 13. Nxf4 Ne4 14. Qc1 Qf6 15. Nh5 Qg6 16. Nf4 Qg4 17. g3 g5 18. h3 Qf5 19. Ne1 gxf4 20. f3 Qxh3 21. fxe4 Qxg3+ 22. Ng2 Qxd3 23. Rxf4 Rxf4 24. Qxf4 Qxe4 25. Qg5+ Qg6 26. Qh4 Bd7 27. Kh2 Kh8 28. Nf4 Qf5 29. Rg1 Rg8 30. Rf1 Qg5 0-1

[Event "HUN-chT U18"]
[Site "Budapest"]
[Date "2019.10.26"]
[Round "1.3"]
[White "Koszta, Benedek"]
[Black "Lerant, Boglarka"]
[Result "1/2-1/2"]
[WhiteElo "2043"]
[BlackElo "1547"]
[PlyCount "83"]
[EventDate "2019.10.26"]
[EventType "team-swiss"]
[EventRounds "7"]
[EventCountry "HUN"]
[SourceTitle "CBM 192 Extra"]
[Source "Chessbase"]
[SourceDate "2019.11.06"]
[SourceVersion "1"]
[SourceVersionDate "2019.11.06"]
[SourceQuality "1"]
[WhiteTeam "Szeged Maroczy"]
[BlackTeam "Tungsram Aquaprofit"]
[WhiteTeamCountry "HUN"]
[BlackTeamCountry "HUN"]

1. e4 e5 2. Nc3 Nc6 3. Bc4 Nf6 4. d3 h6 5. f4 Bb4 6. Nf3 d6 7. 0-0 Bc5+ 8. Kh1 a6 9. Nd5 0-0 10. c3 b5 11. Bb3 a5 12. Nxf6+ Qxf6 13. fxe5 Qe7 14. d4 Bb6 15. Bd5 Bd7 16. exd6 Qxd6 17. Ne5 Kh7 18. Bf4 Nxe5 19. Bxe5 Qg6 20. Bxa8 Rxa8 21. Qf3 Rf8 22. Qg3 Qxg3 23. Bxg3 Kg6 24. Rae1 b4 25. e5 Be6 26. a3 bxc3 27. bxc3 Rd8 28. Rb1 a4 29. Bf2 Ba5 30. Rfc1 Bb3 31. h3 Kf5 32. Kh2 Ke4 33. Re1+ Kd3 34. Re3+ Kc2 35. Rbe1 Kb2 36. R1e2+ Kxa3 37. c4 c6 38. Rf3 Rd7 39. Be3 Bc3 40. d5 cxd5 41. cxd5 Bxe5+ 42. g3 1/2-1/2

[Event "HUN-chT 1819"]
[Site "Hungary"]
[Date "2018.11.17"]
[Round "1.2"]
[White "Koszta, Benedek"]
[Black "Lakos, Nikoletta"]
[Result "1/2-1/2"]
[WhiteElo "1905"]
[BlackElo "2247"]
[PlyCount "36"]
[EventDate "2018.11.17"]
[EventType "team-tourn"]
[EventRounds "9"]
[EventCountry "HUN"]
[SourceTitle "CBM 187 Extra"]
[Source "ChessBase"]
[SourceDate "2018.11.04"]
[SourceVersion "1"]
[SourceVersionDate "2018.11.04"]
[SourceQuality "1"]
[WhiteTeam "Maroczy"]
[BlackTeam "HVSE Infraplan"]
[WhiteTeamCountry "HUN"]
[BlackTeamCountry "HUN"]

1. e4 d6 2. d4 Nf6 3. Nc3 e5 4. d5 a5 5. Be3 Ng4 6. Bd2 c6 7. f3 Nf6 8. Be3 Nfd7 9. Qd2 Na6 10. Bxa6 Rxa6 11. a4 Nb6 12. b3 Na8 13. Nge2 Nc7 14. 0-0 Be7 15. Rad1 0-0 16. f4 cxd5 17. Nxd5 Nxd5 18. Qxd5 Qc7 1/2-1/2

[Event "HUN-chT U18"]
[Site "Zalakaros"]
[Date "2018.07.26"]
[Round "2.3"]
[White "Papp, Levente"]
[Black "Koszta, Benedek"]
[Result "1-0"]
[WhiteElo "2256"]
[BlackElo "1901"]
[PlyCount "67"]
[EventDate "2018.07.26"]
[EventType "team-swiss"]
[EventRounds "7"]
[EventCountry "HUN"]
[SourceTitle "CBM 185 Extra"]
[Source "ChessBase"]
[SourceDate "2018.07.29"]
[SourceVersion "1"]
[SourceVersionDate "2018.07.29"]
[SourceQuality "1"]
[WhiteTeam "Miskolc KisBocsok"]
[BlackTeam "Maroczy"]
[WhiteTeamCountry "HUN"]
[BlackTeamCountry "HUN"]

1. c4 c5 2. g3 Nf6 3. Bg2 e6 4. Nf3 d5 5. cxd5 exd5 6. d4 Nc6 7. 0-0 Be6 8. Nc3 Be7 9. Be3 c4 10. Ne5 0-0 11. Nxc4 dxc4 12. d5 Bxd5 13. Nxd5 Nxd5 14. Qxd5 Qxd5 15. Bxd5 Ne5 16. Bf4 Ng6 17. Bxb7 Rad8 18. Be3 Bf6 19. Rac1 Rb8 20. Ba6 Rxb2 21. Bxc4 Ne5 22. a4 Nxc4 23. Rxc4 a6 24. Rc6 Ra8 25. Rfc1 h6 26. Rc8+ Rxc8 27. Rxc8+ Kh7 28. Ra8 Rxe2 29. Rxa6 Ra2 30. Ra7 Kg6 31. a5 Bc3 32. a6 Be5 33. Ra8 Bc3 34. a7 1-0

[Event "HUN-chT2 Toth 1718"]
[Site "Hungary"]
[Date "2017.09.24"]
[Round "1.10"]
[White "Vaczi, Sandor"]
[Black "Koszta, Benedek"]
[Result "0-1"]
[WhiteElo "1822"]
[BlackElo "1846"]
[PlyCount "74"]
[EventDate "2017.09.24"]
[EventType "team-tourn"]
[EventRounds "11"]
[EventCountry "HUN"]
[SourceTitle "EXT 2021"]
[Source "ChessBase"]
[SourceDate "2020.10.23"]
[SourceVersion "1"]
[SourceVersionDate "2020.10.23"]
[SourceQuality "1"]
[WhiteTeam "Oroshaza"]
[BlackTeam "Szeged Maroczy II"]
[WhiteTeamCountry "HUN"]
[BlackTeamCountry "HUN"]

1. d4 c5 2. c3 Nf6 3. Nf3 e6 4. Bg5 d5 5. e3 Nc6 6. Bd3 Be7 7. 0-0 0-0 8. Qc2 h6 9. Bh4 b6 10. Nbd2 Bb7 11. Rfe1 Rc8 12. Bb5 a6 13. Bxc6 Bxc6 14. Ne5 Bb7 15. dxc5 bxc5 16. Rad1 Qc7 17. Bg3 Bd6 18. Nef3 Bxg3 19. hxg3 Ne4 20. c4 f5 21. b3 Rcd8 22. Nxe4 dxe4 23. Rxd8 Rxd8 24. Nd2 Qe5 25. Kf1 Rd3 26. Nb1 Kh7 27. f4 exf3 28. Qxd3 Qxg3 29. Qd2 fxg2+ 30. Kg1 Qh4 31. Qc1 g5 32. Rd1 Kg6 33. Qd2 g4 34. Qd7 Qh1+ 35. Kf2 g3+ 36. Ke2 Bf3+ 37. Kxf3 g1Q+ 0-1

[Event "HUN-chT U18"]
[Site "Hajduboszormeny"]
[Date "2016.11.05"]
[Round "7.23"]
[White "Koszta, Benedek"]
[Black "Juhasz, Judit"]
[Result "0-1"]
[WhiteElo "1740"]
[BlackElo "1799"]
[PlyCount "88"]
[EventDate "2016.11.02"]
[EventType "team-swiss"]
[EventRounds "8"]
[EventCountry "HUN"]
[SourceTitle "CBM 175 Extra"]
[Source "ChessBase"]
[SourceDate "2016.12.12"]
[SourceVersion "1"]
[SourceVersionDate "2016.12.12"]
[SourceQuality "1"]

1. e4 c5 2. Nf3 g6 3. c3 Bg7 4. d4 cxd4 5. cxd4 d5 6. e5 Nh6 7. Nc3 Nc6 8. Bb5 0-0 9. 0-0 Bg4 10. Bxc6 bxc6 11. Na4 Nf5 12. Be3 Qa5 13. Rc1 Bxf3 14. gxf3 Rac8 15. Qc2 Qc7 16. Nc5 e6 17. Qe2 Qe7 18. f4 h5 19. Qf3 f6 20. Qg2 Nh4 21. Qg3 fxe5 22. fxe5 Nf3+ 23. Kh1 Kh7 24. Nd3 g5 25. Ne1 g4 26. Nd3 Bh6 27. Rc3 Bxe3 28. fxe3 Nd2 29. Rxf8 Rxf8 30. Nf4 Ne4 31. Qe1 Nxc3 32. Qxc3 Qh4 33. Qc2+ Rf5 34. Qe2 g3 35. Qg2 Rxf4 36. exf4 Qxh2+ 37. Qxh2 gxh2 38. Kxh2 a5 39. Kg3 Kg6 40. Kh4 Kf5 41. Kxh5 Kxf4 42. Kg6 c5 43. dxc5 Kxe5 44. Kg5 d4 0-1

[Event "HUN-chT Csongrad Region"]
[Site "Hungary"]
[Date "2016.02.21"]
[Round "6.4"]
[White "Koszta, Benedek"]
[Black "Bartos, Ferenc"]
[Result "1-0"]
[WhiteElo "1635"]
[BlackElo "1817"]
[PlyCount "87"]
[EventDate "2015.09.20"]
[EventType "team-tourn"]
[EventRounds "9"]
[EventCountry "HUN"]
[SourceTitle "EXT 2017"]
[Source "ChessBase"]
[SourceDate "2016.10.25"]
[SourceVersion "1"]
[SourceVersionDate "2016.10.25"]
[SourceQuality "1"]

1. e4 e5 2. Nc3 Nf6 3. Bc4 Bc5 4. d3 0-0 5. Na4 Bb4+ 6. Bd2 Be7 7. Nc3 a6 8. Nf3 Nc6 9. 0-0 Bc5 10. Bb3 d6 11. Bg5 h6 12. Bh4 Bg4 13. h3 Bh5 14. g4 Bg6 15. Nd5 Na5 16. Nxf6+ gxf6 17. Nd2 Kg7 18. Kh1 Nc6 19. f4 Be3 20. fxe5 Qd7 21. exf6+ Kh7 22. Qe2 Ba7 23. Qf3 Nd4 24. Qg2 Rg8 25. Nf3 Nxf3 26. Qxf3 c6 27. Be1 Rae8 28. Bd2 Kh8 29. Bxh6 Bd4 30. Qg3 d5 31. Qh4 Bh7 32. Rf5 Rg6 33. Bg7+ Rxg7 34. fxg7+ Kxg7 35. Qg5+ Bg6 36. Raf1 Re7 37. e5 Qe6 38. Re1 Kh7 39. Rf6 Qd7 40. Qh4+ Kg7 41. Qg5 Kh7 42. h4 Qc7 43. h5 Bxh5 44. Rh6# 1-0